[Event "Duisburg Grossenbaum op"]
[Site "Duisburg"]
[Date "2006.06.11"]
[Round "5"]
[White "Chetverik, Maxim"]
[Black "Ruetten, Ingmar"]
[Result "1-0"]
[WhiteElo "2313"]
[BlackElo "2017"]
[PlyCount "89"]
[EventDate "2006.06.02"]
[EventType "swiss"]
[EventRounds "7"]
[EventCountry "GER"]
[SourceTitle "EXT 2007"]
[Source "ChessBase"]
[SourceDate "2006.11.23"]
[SourceVersion "1"]
[SourceVersionDate "2006.11.23"]
[SourceQuality "1"]

1. d4 Nf6 2. c4 e6 3. Nf3 b6 4. g3 Bb4+ 5. Bd2 Be7 6. Bg2 Bb7 7. 0-0 0-0 8. Nc3 d6 9. Qc2 c5 10. d5 Na6 11. dxe6 fxe6 12. Bh3 Nc7 13. Ng5 Qe8 14. Nxe6 Nxe6 15. Bxe6+ Kh8 16. f3 Qh5 17. Qf5 Qxf5 18. Bxf5 Rad8 19. Bd3 d5 20. cxd5 Nxd5 21. Ne4 Nf6 22. Bg5 h6 23. Bxf6 Bxf6 24. Nxf6 Rxf6 25. Rfd1 Rfd6 26. Kf2 g6 27. Rdc1 Kg7 28. a3 Rf8 29. Rc3 g5 30. b4 Rf7 31. bxc5 bxc5 32. Rac1 Ba6 33. Bxa6 Rxa6 34. Rxc5 Rxa3 35. Re5 a5 36. Rc6 Rf6 37. Re7+ Kg6 38. Rcc7 Rb6 39. g4 Kf6 40. Ra7 Ra2 41. Rf7+ Ke5 42. Rf5+ Kd4 43. Rfxa5 Rab2 44. R7a6 Rb8 45. Ra2 1-0

[Event "Duisburg Grossenbaum op"]
[Site "Duisburg"]
[Date "2006.06.04"]
[Round "4"]
[White "Ruetten, Ingmar"]
[Black "Ropers, Klaus"]
[Result "1-0"]
[WhiteElo "2017"]
[BlackElo "1751"]
[PlyCount "81"]
[EventDate "2006.06.02"]
[EventType "swiss"]
[EventRounds "7"]
[EventCountry "GER"]
[SourceTitle "EXT 2007"]
[Source "ChessBase"]
[SourceDate "2006.11.23"]
[SourceVersion "1"]
[SourceVersionDate "2006.11.23"]
[SourceQuality "1"]

1. d4 f5 2. Nf3 Nf6 3. g3 g6 4. Bg2 Bg7 5. c4 0-0 6. 0-0 d6 7. Nc3 Qe8 8. Re1 e5 9. e4 f4 10. gxf4 exf4 11. e5 Nh5 12. Nd5 Na6 13. exd6 Qd8 14. Ne7+ Kh8 15. Ne5 Qxd6 16. Nxc8 Raxc8 17. Bxb7 Rcd8 18. Nc6 Rde8 19. Rxe8 Rxe8 20. Bxa6 f3 21. Be3 Rxe3 22. fxe3 Qxc6 23. d5 Qf6 24. Kh1 Bh6 25. Qd4 Qxd4 26. exd4 Be3 27. Rf1 f2 28. Kg2 Bxd4 29. Rxf2 Bxf2 30. Kxf2 Kg7 31. Ke3 Kf6 32. Ke4 h6 33. c5 Ng7 34. Bb5 Nf5 35. Bd7 Ng7 36. b4 Ke7 37. Bg4 Ne8 38. Ke5 h5 39. Be2 Nf6 40. d6+ cxd6+ 41. cxd6+ 1-0

[Event "Duisburg Grossenbaum op"]
[Site "Duisburg"]
[Date "2006.06.02"]
[Round "1"]
[White "Mundorf, Johannes"]
[Black "Ruetten, Ingmar"]
[Result "1/2-1/2"]
[WhiteElo "1554"]
[BlackElo "2017"]
[PlyCount "91"]
[EventDate "2006.06.02"]
[EventType "swiss"]
[EventRounds "7"]
[EventCountry "GER"]
[SourceTitle "EXT 2007"]
[Source "ChessBase"]
[SourceDate "2006.11.23"]
[SourceVersion "1"]
[SourceVersionDate "2006.11.23"]
[SourceQuality "1"]

1. d4 Nf6 2. Nf3 e6 3. Bg5 c5 4. e3 h6 5. Bh4 b6 6. c4 Bb7 7. Nc3 cxd4 8. exd4 Bb4 9. Bd3 Nc6 10. 0-0 Bxc3 11. bxc3 Rc8 12. Qe2 0-0 13. Ne5 g5 14. Bg3 Na5 15. h4 d6 16. hxg5 hxg5 17. Ng4 Nxg4 18. Qxg4 f5 19. Qe2 Qe7 20. Rfe1 Rce8 21. Qh5 Rf7 22. d5 Rh7 23. Qg6+ Rg7 24. Qxe6+ Qxe6 25. Rxe6 Rxe6 26. dxe6 f4 27. Bh2 Re7 28. Re1 Kg7 29. g3 Kf6 30. gxf4 gxf4 31. Bxf4 Rxe6 32. Bg5+ Kf7 33. Rxe6 Kxe6 34. f4 Ba6 35. f5+ Kf7 36. Kf2 Bxc4 37. Bxc4+ Nxc4 38. Kf3 d5 39. Kf4 b5 40. Bh4 a5 41. Bf2 Nb2 42. Ke5 Nd3+ 43. Kxd5 Nxf2 44. Kc5 Ne4+ 45. Kxb5 Nxc3+ 46. Kxa5 1/2-1/2

[Event "Troisdorf op"]
[Site "Troisdorf"]
[Date "2005.11.15"]
[Round "4.16"]
[White "Froitzheim, Ralf"]
[Black "Ruetten, Ingmar"]
[Result "1-0"]
[WhiteElo "1831"]
[BlackElo "1751"]
[PlyCount "125"]
[EventDate "2005.10.18"]
[EventType "swiss"]
[EventRounds "7"]
[EventCountry "GER"]
[SourceTitle "EXT 2006"]
[Source "ChessBase"]
[SourceDate "2005.11.24"]
[SourceVersion "1"]
[SourceVersionDate "2005.11.24"]
[SourceQuality "1"]

1. c4 Nf6 2. Nc3 e5 3. g3 Bb4 4. Bg2 0-0 5. Nf3 Re8 6. 0-0 c6 7. d3 Bxc3 8. bxc3 d6 9. Rb1 Na6 10. Ba3 h6 11. Nd2 Nc7 12. Qc2 Ne6 13. Qb2 Ng5 14. Nf3 Nh3+ 15. Kh1 Bf5 16. Qd2 e4 17. Nd4 Qd7 18. Rxb7 Qxb7 19. Nxf5 Ng5 20. Nxd6 Qa6 21. Nxe8 Rxe8 22. Bc5 Qa5 23. Be3 Qf5 24. Bd4 Ng4 25. Qf4 Qxf4 26. gxf4 Ne6 27. Bxe4 Nxf4 28. e3 Nh3 29. Bxc6 Rb8 30. Be4 Ngxf2+ 31. Kg2 Rb2 32. Kf3 Rxa2 33. c5 Nxe4 34. Kxe4 Ng5+ 35. Kd5 Ra6 36. h4 Ne6 37. Rg1 Nc7+ 38. Kc4 f6 39. Kb3 Ne6 40. Rg4 Kf7 41. Kb4 Nc7 42. c4 Re6 43. e4 Re8 44. Bg1 Rb8+ 45. Kc3 Ne6 46. d4 h5 47. Rg2 Rb1 48. Be3 Re1 49. Kd3 Rd1+ 50. Rd2 Ra1 51. d5 Ra3+ 52. Ke2 Nf8 53. c6 Rc3 54. c5 Ke8 55. d6 Rb3 56. d7+ Nxd7 57. cxd7+ Kd8 58. c6 Rc3 59. Bxa7 Rxc6 60. Be3 Ra6 61. Kf3 Ra8 62. Bb6+ Ke7 63. d8Q+ 1-0

[Event "Troisdorf op"]
[Site "Troisdorf"]
[Date "2005.10.25"]
[Round "2.14"]
[White "Geuer, Martin"]
[Black "Ruetten, Ingmar"]
[Result "1-0"]
[WhiteElo "1843"]
[BlackElo "1751"]
[PlyCount "79"]
[EventDate "2005.10.18"]
[EventType "swiss"]
[EventRounds "7"]
[EventCountry "GER"]
[SourceTitle "EXT 2006"]
[Source "ChessBase"]
[SourceDate "2005.11.24"]
[SourceVersion "1"]
[SourceVersionDate "2005.11.24"]
[SourceQuality "1"]

1. g3 d6 2. Bg2 g6 3. Nf3 Bg7 4. 0-0 Nf6 5. d4 0-0 6. c4 Bg4 7. h3 Bxf3 8. Bxf3 Nc6 9. Nc3 Rb8 10. Be3 Nd7 11. Qd2 e5 12. d5 Nd4 13. Bxd4 exd4 14. Nb5 Qf6 15. Rad1 d3 16. Qxd3 Ne5 17. Qb3 Nxf3+ 18. exf3 Qxb2 19. Qxb2 Bxb2 20. Rd2 Be5 21. Nxa7 Ra8 22. Nb5 c6 23. dxc6 bxc6 24. f4 Bxf4 25. gxf4 cxb5 26. cxb5 Rfb8 27. Rb1 Rb6 28. Rb4 Ra3 29. Rc2 Rb8 30. b6 Kg7 31. b7 Ra7 32. Rc7 d5 33. a4 d4 34. Kf1 d3 35. Ke1 Rd8 36. Kd2 Rb8 37. a5 Rxa5 38. Rc8 Ra2+ 39. Kxd3 Ra3+ 40. Kd4 1-0

[Event "Troisdorf op"]
[Site "Troisdorf"]
[Date "2005.10.18"]
[Round "1.10"]
[White "Ruetten, Ingmar"]
[Black "Schwarz, Andreas"]
[Result "1/2-1/2"]
[WhiteElo "1751"]
[BlackElo "1935"]
[PlyCount "44"]
[EventDate "2005.10.18"]
[EventType "swiss"]
[EventRounds "7"]
[EventCountry "GER"]
[SourceTitle "EXT 2006"]
[Source "ChessBase"]
[SourceDate "2005.11.24"]
[SourceVersion "1"]
[SourceVersionDate "2005.11.24"]
[SourceQuality "1"]

1. Nf3 d5 2. d4 Nf6 3. c4 c6 4. Nc3 e6 5. e3 Nbd7 6. Qc2 Bd6 7. b3 0-0 8. Bb2 e5 9. cxd5 cxd5 10. dxe5 Nxe5 11. Be2 Bd7 12. 0-0 Rc8 13. Rac1 Qe7 14. Qb1 Bb8 15. Rfd1 Bc6 16. Qf5 Nxf3+ 17. Bxf3 Qe5 18. Qxe5 Bxe5 19. Ba3 Rfd8 20. Be7 Re8 21. Bxf6 Bxf6 22. Nxd5 Bxd5 1/2-1/2

[Event "Duisburg Grossenbaum op"]
[Site "Duisburg"]
[Date "2004.05.30"]
[Round "5"]
[White "Ruetten, Ingmar"]
[Black "Wilde, Pierre"]
[Result "0-1"]
[WhiteElo "2058"]
[BlackElo "2290"]
[PlyCount "102"]
[EventDate "2004.05.28"]
[EventType "swiss"]
[EventRounds "7"]
[EventCountry "GER"]
[SourceTitle "EXT 2006"]
[Source "ChessBase"]
[SourceDate "2005.11.24"]
[SourceVersion "1"]
[SourceVersionDate "2005.11.24"]
[SourceQuality "1"]

1. Nf3 Nf6 2. c4 e6 3. Nc3 c5 4. e3 Be7 5. d4 cxd4 6. exd4 d5 7. Bg5 0-0 8. Bd3 Nc6 9. 0-0 Nb4 10. Be2 dxc4 11. Bxc4 b6 12. a3 Nbd5 13. Qd3 Bb7 14. Rfe1 Rc8 15. Rac1 Nxc3 16. Rxc3 Nd5 17. Bxd5 Rxc3 18. bxc3 Bxd5 19. Bc1 Qa8 20. Re3 Rc8 21. Bb2 Bxf3 22. Rxf3 Qd5 23. Qa6 Rc7 24. Bc1 Qc4 25. Qxc4 Rxc4 26. Kf1 Ra4 27. Ke2 b5 28. Kd1 Bxa3 29. Bxa3 Rxa3 30. Kc2 Kf8 31. Kb2 Ra4 32. Rh3 h6 33. Rh5 a6 34. Rc5 Ke7 35. Rc7+ Kf6 36. Rc5 b4 37. Kb3 Ra3+ 38. Kxb4 Ra2 39. Ra5 Rxf2 40. c4 Rxg2 41. Rxa6 Rxh2 42. d5 g5 43. c5 g4 44. d6 g3 45. d7 Ke7 46. c6 Rd2 47. Ra3 g2 48. Rg3 Kd8 49. Kc5 Kc7 50. d8Q+ Rxd8 51. Rxg2 Rd5+ 0-1

[Event "Duisburg Grossenbaum op"]
[Site "Duisburg"]
[Date "2004.05.29"]
[Round "2"]
[White "Eismont, Igor"]
[Black "Ruetten, Ingmar"]
[Result "1-0"]
[WhiteElo "2311"]
[BlackElo "2058"]
[PlyCount "59"]
[EventDate "2004.05.28"]
[EventType "swiss"]
[EventRounds "7"]
[EventCountry "GER"]
[SourceTitle "EXT 2006"]
[Source "ChessBase"]
[SourceDate "2005.11.24"]
[SourceVersion "1"]
[SourceVersionDate "2005.11.24"]
[SourceQuality "1"]

1. d4 Nf6 2. c4 g6 3. Nc3 Bg7 4. e4 d6 5. Nf3 0-0 6. h3 e5 7. d5 a5 8. Bg5 h6 9. Be3 Nbd7 10. g4 Nc5 11. Nd2 Nh7 12. Rg1 Kh8 13. Qc2 c6 14. 0-0-0 Bd7 15. Nb3 Nxb3+ 16. Qxb3 Ng5 17. Rg3 f5 18. gxf5 gxf5 19. exf5 Bxf5 20. Qxb7 c5 21. Bd3 Rb8 22. Qc6 Rb6 23. Qa4 Bxd3 24. Rxd3 Rb4 25. Qd1 Qf6 26. Qh5 Nf7 27. Rg6 Qe7 28. Rxg7 Kxg7 29. Bxh6+ Nxh6 30. Rg3+ 1-0

[Event "Bergheim op"]
[Site "Bergheim"]
[Date "2003.09.12"]
[Round "2"]
[White "Ruetten, Ingmar"]
[Black "Bayer, Ernst Wolfgang"]
[Result "0-1"]
[WhiteElo "1805"]
[BlackElo "2226"]
[PlyCount "71"]
[EventDate "2003.09.11"]
[EventType "swiss"]
[EventRounds "7"]
[EventCountry "GER"]
[SourceTitle "EXT 2006"]
[Source "ChessBase"]
[SourceDate "2005.11.24"]
[SourceVersion "1"]
[SourceVersionDate "2005.11.24"]
[SourceQuality "1"]

1. Nf3 d5 2. d4 c6 3. c4 e6 4. e3 Nf6 5. Nc3 Nbd7 6. Qc2 Bb4 7. Bd3 0-0 8. 0-0 a6 9. Re1 Re8 10. Bd2 b5 11. cxb5 cxb5 12. e4 Bxc3 13. bxc3 dxe4 14. Bxe4 Ra7 15. Bg5 h6 16. Bh4 Bb7 17. Bxb7 Rxb7 18. Rad1 Qc8 19. Bg3 Nd5 20. Rc1 N5b6 21. Nd2 Nc4 22. Nxc4 Qxc4 23. Qb3 Rc8 24. Rc2 Rb6 25. Rec1 Rbc6 26. f3 Nb6 27. Be1 Nd5 28. Bd2 b4 29. cxb4 Qxc2 30. Rxc2 Rxc2 31. Be1 Re2 32. Qb1 Rcc2 33. g3 Rg2+ 34. Kh1 Rxh2+ 35. Kg1 Rcg2+ 36. Kf1 0-1

[Event "Goch op 14th"]
[Site "Goch"]
[Date "2003.??.??"]
[Round "6"]
[White "Ruetten, Ingmar"]
[Black "Hintze, Helge"]
[Result "0-1"]
[WhiteElo "2060"]
[BlackElo "2290"]
[PlyCount "90"]
[EventDate "2003.10.02"]
[EventType "swiss"]
[EventRounds "7"]
[EventCountry "GER"]
[SourceTitle "EXT 2006"]
[Source "ChessBase"]
[SourceDate "2005.11.24"]
[SourceVersion "1"]
[SourceVersionDate "2005.11.24"]
[SourceQuality "1"]

1. Nf3 Nf6 2. d4 g6 3. b3 Bg7 4. Bb2 0-0 5. e3 b6 6. Nbd2 d5 7. Bd3 Bb7 8. 0-0 Nbd7 9. c4 e6 10. Qe2 c6 11. Ne5 Nxe5 12. dxe5 Nd7 13. f4 Qe7 14. e4 Rad8 15. Nf3 Rfe8 16. a4 a5 17. exd5 cxd5 18. cxd5 Bxd5 19. Bb5 Qb4 20. Nd4 Bf8 21. Kh1 Bc5 22. Rfd1 Bxd4 23. Rxd4 Qe7 24. Ba3 Nc5 25. Rad1 Bxb3 26. Bxe8 Bxd1 27. Bxf7+ Kxf7 28. Qxd1 Rxd4 29. Qxd4 Qc7 30. Kg1 Qc6 31. Bxc5 bxc5 32. Qc4 Qb6 33. h3 Qb4 34. Qa6 Qd4+ 35. Kh1 Qd1+ 36. Kh2 Qxa4 37. Qa7+ Kg8 38. Qb8+ Kg7 39. Kg3 Qd7 40. Kf3 c4 41. Qd6 Qxd6 42. exd6 Kf7 43. Ke3 a4 44. Kd4 a3 45. Kc3 Ke8 0-1

[Event "Baunatal op 8th"]
[Site "Baunatal"]
[Date "2002.08.11"]
[Round "5"]
[White "Ruetten, Ingmar"]
[Black "Rehbein, Ulrich"]
[Result "0-1"]
[WhiteElo "2057"]
[BlackElo "1766"]
[PlyCount "82"]
[EventDate "2002.08.09"]
[EventType "swiss"]
[EventRounds "7"]
[EventCountry "GER"]
[SourceTitle "EXT 2003"]
[Source "ChessBase"]
[SourceDate "2002.11.25"]
[SourceVersion "1"]
[SourceVersionDate "2002.11.25"]
[SourceQuality "1"]

1. Nf3 Nf6 2. c4 g6 3. d4 c5 4. e3 Bg7 5. Nc3 0-0 6. Be2 d6 7. 0-0 Nbd7 8. Qc2 Re8 9. dxc5 Nxc5 10. b4 Bf5 11. Qd1 Nce4 12. Bb2 Rc8 13. Nd4 Nxc3 14. Bxc3 Ne4 15. Bb2 e6 16. f3 Qg5 17. fxe4 Qxe3+ 18. Rf2 Bxe4 19. Nc2 Qh6 20. Bxg7 Qxg7 21. Qd4 Bxc2 22. Qxg7+ Kxg7 23. Bf3 Rxc4 24. Bxb7 Be4 25. Bxe4 Rxe4 26. b5 Rb4 27. a4 Rc8 28. h3 Rcc4 29. Raf1 f5 30. Re1 e5 31. Rd2 Rd4 32. Rxd4 Rxd4 33. Rc1 Rxa4 34. Rc6 Rb4 35. Rxd6 Rxb5 36. Rd7+ Kh6 37. Rxa7 Rb2 38. Kf1 e4 39. h4 e3 40. g3 Rb1+ 41. Ke2 Rg1 0-1

[Event "Baunatal op 8th"]
[Site "Baunatal"]
[Date "2002.08.09"]
[Round "2"]
[White "Thiel, Kuno"]
[Black "Ruetten, Ingmar"]
[Result "1-0"]
[WhiteElo "2312"]
[BlackElo "2057"]
[PlyCount "77"]
[EventDate "2002.08.09"]
[EventType "swiss"]
[EventRounds "7"]
[EventCountry "GER"]
[SourceTitle "EXT 2003"]
[Source "ChessBase"]
[SourceDate "2002.11.25"]
[SourceVersion "1"]
[SourceVersionDate "2002.11.25"]
[SourceQuality "1"]

1. Nf3 Nf6 2. c4 e6 3. d4 b6 4. g3 Ba6 5. Nbd2 Bb4 6. Qb3 Bxd2+ 7. Bxd2 d5 8. cxd5 exd5 9. Qa3 Ne4 10. Bf4 Qe7 11. Qxe7+ Kxe7 12. Bxc7 Rc8 13. Rc1 Bc4 14. Bxb8 Rcxb8 15. Ne5 Bb5 16. Bh3 Ng5 17. Bg2 Rc8 18. Kd2 Ne4+ 19. Bxe4 dxe4 20. b3 f6 21. Nc4 Bxc4 22. Rxc4 Rxc4 23. bxc4 Kd6 24. g4 Rc8 25. Rc1 g6 26. Ke3 f5 27. gxf5 gxf5 28. Kf4 Ke6 29. a4 Rd8 30. d5+ Kf6 31. Rd1 Rd6 32. Rg1 h6 33. Rg8 Kf7 34. Ra8 a5 35. Ke5 Rf6 36. Ra7+ Kg6 37. d6 Rf8 38. Re7 Rc8 39. d7 1-0

[Event "Kleve op"]
[Site "Kleve"]
[Date "2002.05.12"]
[Round "7"]
[White "Verbeet, Richard"]
[Black "Ruetten, Ingmar"]
[Result "0-1"]
[WhiteElo "1530"]
[BlackElo "2023"]
[PlyCount "80"]
[EventDate "2002.05.09"]
[EventType "swiss"]
[EventRounds "7"]
[EventCountry "GER"]
[SourceTitle "EXT 2008"]
[Source "ChessBase"]
[SourceDate "2007.11.25"]
[SourceVersion "1"]
[SourceVersionDate "2007.11.25"]
[SourceQuality "1"]

1. f4 Nf6 2. Nf3 e6 3. b3 b6 4. Bb2 Bb7 5. e3 c5 6. Be2 Be7 7. 0-0 0-0 8. Qe1 Nc6 9. a3 d5 10. Ne5 d4 11. Bf3 Qc7 12. Bxc6 Bxc6 13. exd4 cxd4 14. Bxd4 Bb7 15. c4 Rad8 16. Be3 Ne4 17. d4 f6 18. Nf3 Bd6 19. f5 exf5 20. d5 Rfe8 21. Qc1 Bc5 22. Nd4 Qe5 23. Rxf5 Qxd4 24. Bxd4 Bxd4+ 25. Kf1 Bxa1 26. Nd2 Nxd2+ 27. Qxd2 Be5 28. Qd3 Bc8 29. Rh5 g6 30. Rh4 Re7 31. Qe2 Rde8 32. Re4 Bf5 33. Re3 Bd6 34. Rxe7 Rxe7 35. Qb2 Bd3+ 36. Kf2 Re2+ 37. Qxe2 Bxe2 38. Kxe2 Bxa3 39. Kd3 Bd6 40. h3 Kf7 0-1

[Event "Kleve op"]
[Site "Kleve"]
[Date "2002.05.11"]
[Round "6"]
[White "Homs, Guust"]
[Black "Ruetten, Ingmar"]
[Result "1-0"]
[WhiteElo "2199"]
[BlackElo "2023"]
[PlyCount "66"]
[EventDate "2002.05.09"]
[EventType "swiss"]
[EventRounds "7"]
[EventCountry "GER"]
[SourceTitle "EXT 2008"]
[Source "ChessBase"]
[SourceDate "2007.11.25"]
[SourceVersion "1"]
[SourceVersionDate "2007.11.25"]
[SourceQuality "1"]

1. e4 c5 2. Nf3 d6 3. c3 Nf6 4. Be2 Nc6 5. d4 cxd4 6. cxd4 e6 7. Nc3 Be7 8. 0-0 0-0 9. h3 Bd7 10. d5 Ne5 11. Nxe5 dxe5 12. d6 Bc6 13. dxe7 Qxe7 14. Bd3 Rfd8 15. Qe2 h6 16. Be3 a6 17. a3 b5 18. b4 Rac8 19. Rac1 Qb7 20. f3 Nh5 21. Rfd1 Qe7 22. Qf2 Bb7 23. Bc5 Qg5 24. Ne2 Rd7 25. Qe3 Nf4 26. Nxf4 exf4 27. Qe2 Rdc7 28. Qb2 f5 29. Qe5 Kh8 30. Qxe6 fxe4 31. Bxe4 Bxe4 32. Qxe4 Qf6 33. Rd5 Qb2 1-0

[Event "Kleve op"]
[Site "Kleve"]
[Date "2002.05.10"]
[Round "4"]
[White "Meins, Gerlef"]
[Black "Ruetten, Ingmar"]
[Result "1-0"]
[WhiteElo "2404"]
[BlackElo "2023"]
[PlyCount "71"]
[EventDate "2002.05.09"]
[EventType "swiss"]
[EventRounds "7"]
[EventCountry "GER"]
[SourceTitle "EXT 2008"]
[Source "ChessBase"]
[SourceDate "2007.11.25"]
[SourceVersion "1"]
[SourceVersionDate "2007.11.25"]
[SourceQuality "1"]

1. d4 Nf6 2. c4 e6 3. g3 b6 4. Bg2 c6 5. Nf3 Ba6 6. Nbd2 d5 7. Qc2 Be7 8. 0-0 0-0 9. b3 Nbd7 10. e4 Rc8 11. Rd1 dxe4 12. Nxe4 Nxe4 13. Qxe4 Nf6 14. Qe2 Nd5 15. Bb2 Bb4 16. Qc2 Nf6 17. Ne5 Bb7 18. c5 b5 19. a4 bxa4 20. Rxa4 a5 21. Bc3 Nd5 22. Bxb4 Nxb4 23. Qd2 Ba6 24. Rda1 f6 25. Rxa5 Bb5 26. Qxb4 fxe5 27. dxe5 Qd3 28. Qg4 Qxb3 29. Ra7 Rf7 30. Rxf7 Kxf7 31. Ra7+ Ke8 32. h4 Qb1+ 33. Kh2 Qg6 34. Qxg6+ hxg6 35. Rxg7 Bd3 36. Rg8+ 1-0

[Event "Bad Zwesten op 6th"]
[Site "Bad Zwesten"]
[Date "2002.01.09"]
[Round "8"]
[White "Mensch, Etienne"]
[Black "Ruetten, Ingmar"]
[Result "1-0"]
[WhiteElo "2380"]
[BlackElo "2033"]
[PlyCount "101"]
[EventDate "2002.01.04"]
[EventType "swiss"]
[EventRounds "9"]
[EventCountry "GER"]
[SourceTitle "CBM 086 Extra"]
[Source "ChessBase"]
[SourceDate "2002.03.14"]
[SourceVersion "1"]
[SourceVersionDate "2002.03.14"]
[SourceQuality "1"]

1. d4 Nf6 2. c4 e6 3. Nc3 Bb4 4. a3 Bxc3+ 5. bxc3 b6 6. e3 0-0 7. Ne2 Ba6 8. Ng3 d5 9. Be2 Bxc4 10. Bxc4 dxc4 11. Qe2 b5 12. a4 c6 13. Qf3 Qa5 14. Bd2 bxa4 15. Qe2 Nbd7 16. Qxc4 Nb6 17. Qd3 Qb5 18. Ke2 Qxd3+ 19. Kxd3 Rfd8 20. f4 c5 21. Rhb1 Rac8 22. Rb5 cxd4 23. cxd4 Rd5 24. Rb2 Nfd7 25. Ke2 Nc4 26. Rc2 Ndb6 27. Ne4 Rdd8 28. Nc5 Nxd2 29. Rxd2 Nd5 30. Kf3 Nxf4 31. Kxf4 Rxc5 32. dxc5 Rxd2 33. Rxa4 g5+ 34. Ke4 Rc2 35. Kd4 Kf8 36. Rxa7 Ke8 37. g4 e5+ 38. Kd5 Rd2+ 39. Kxe5 Rxh2 40. c6 Rc2 41. Kd6 Rd2+ 42. Kc7 Rc2 43. Ra5 f6 44. Rf5 Ke7 45. Rd5 Rc3 46. Kb6 Rxe3 47. c7 Rb3+ 48. Rb5 Rc3 49. Rc5 Rxc5 50. Kxc5 Kd7 51. Kb6 1-0

[Event "Bad Zwesten op 6th"]
[Site "Bad Zwesten"]
[Date "2002.01.04"]
[Round "1"]
[White "Ruetten, Ingmar"]
[Black "Radick, Katrin"]
[Result "1-0"]
[WhiteElo "2033"]
[BlackElo "1264"]
[PlyCount "29"]
[EventDate "2002.01.04"]
[EventType "swiss"]
[EventRounds "9"]
[EventCountry "GER"]
[SourceTitle "CBM 086 Extra"]
[Source "ChessBase"]
[SourceDate "2002.03.14"]
[SourceVersion "1"]
[SourceVersionDate "2002.03.14"]
[SourceQuality "1"]

1. Nf3 d5 2. d4 Nf6 3. c4 c6 4. Nc3 Bg4 5. Qb3 b6 6. cxd5 cxd5 7. Ne5 e6 8. Bg5 Bf5 9. e3 Be7 10. Bb5+ Nfd7 11. Bxd7+ Nxd7 12. Nc6 Qc7 13. Nxe7 Bd3 14. Qa3 Bc4 15. Nexd5 1-0